000 00590nam a2200121Ia 4500
008 220620s9999||||xx |||||||||||||| ||und||
100 _aGarcés-Mascareñas, Blanca
245 0 _aLabour Migration in Malaysia and Spain
_bMarkets, Citizenship and Rights
546 _aEnglish[eng]
650 _apublic administration||sociology||bestuurskunde||sociologie
856 _uhttps://library.oapen.org/bitstream/20.500.12657/34537/1/416050.pdf||https://library.oapen.org/bitstream/20.500.12657/34537/1/416050.pdf||https://library.oapen.org/bitstream/20.500.12657/34537/1/416050.pdf
942 _cEB
999 _c30585
_d30585